000 00892nam a2200241 i 4500
001 12144
003 ES-MaACL
005 20230906150241.0
007 t|
008 970416s1992 it a |||| | ita d
080 _a782.1 Pace, Massimiliano. Cesare e Pompeo 089.1
080 _a782.1 Pellegrino, Stefano. Cesare e Pompeo 089.1
080 _a850-293.1"19"
100 1 _aOstuni, Lorenzo.
_987829
245 1 0 _aCesare e Pompeo
_b: passione e morte della Repubblica /
_ctesto = text, Lorenzo Ostuni ; musica = music, Massimiliano Pace, Stefano Pellegrino ; scenografia = scenography, Bruno D'Arcevia.
260 _aRome :
_bCarte Segrete,
_c1992.
300 _a363 p. :
_bil. ;
_c35 cm.
500 _aTexto en italiano e inglés.
700 1 _aPace, Massimiliano.
_988111
700 1 _aPellegrino, Stefano.
_990068
700 1 _aD'Arcevia, Bruno.
_942357
852 _aES-MaACL
_jL-19402
999 _c12144
_d12144